Les prénoms Marie et Mary dans le titre de chansons - Statistiques

Statistiques générales
  • Ce quiz a été pris 277 fois
  • Le résultat moyen est 9 sur 15
Statistiques - réponses
Titre de la chanson Prénom du chanteur Nom du chanteur % Correct
Petite Marie Francis Cabrel
98%
Oh Marie Johnny Hallyday
96%
Tango de Marilou Tino Rossi
85%
Goodbye Marylou Michel Polnareff
82%
Marie la Polonaise Serge Lama
79%
Mary Ann Ray Charles
78%
Marilou sous la neige Serge Gainsbourg
78%
Marie-Lou Pierre Perret
62%
Marie Christine Claude Nougaro
50%
Elle danse Marie François Valery
43%
Chanson pour Marie Félix Gray
35%
Marie Joconde Alain Barriere
31%
Oh lady Mary David Alexandre Winter
28%
Marylou Danyel Gerard
22%
Johnny and Mary Robert Palmer
15%
Aucun quiz correspondant
Distribution des résultats
% des personnes avec chaque résultat
Percentile par nombre de réponses
Votre historique - résultats
Vous n’avez pas pris ce quiz